[Event "ISR-chT"]
[Site "Ramat Aviv"]
[Date "2000.03.24"]
[Round "7.1"]
[White "Smirin, Ilia"]
[Black "Murey, Jacob"]
[Result "1-0"]
[WhiteElo "2666"]
[BlackElo "2487"]
[Annotator "Smirin,I"]
[PlyCount "55"]
[EventDate "2000.01.14"]
[EventType "team"]
[EventRounds "11"]
[EventCountry "ISR"]
[SourceTitle "CBM 077"]
[Source "ChessBase"]
[SourceDate "2000.07.27"]
[SourceVersion "1"]
[SourceVersionDate "2000.07.27"]
[SourceQuality "1"]
[WhiteTeam "Petah Tikva Elitzur"]
[BlackTeam "Maccabi Afek"]
[WhiteTeamCountry "ISR"]
[BlackTeamCountry "ISR"]

1. e4 {Tyomkin,D} c5 2. Nf3 d6 3. d4 cxd4 4. Nxd4 Nf6 5. Nc3 a6 6. h3 e6 7. g4
b5 8. Bg2 Bb7 9. a3 h6 {This variation looks too risky for white- in all games
black has got great positions. But Ilia Smirin had prepared an improvement for
white in this line.} (9... Qc7 10. Qe2 Nc6 11. Nxc6 Qxc6 12. a4 bxa4 (12... b4
13. Nd5 $1) 13. Rxa4 Rc8 14. O-O Be7 15. Rb4 Nd7 16. Rd1 O-O 17. Nd5 Bd8 18.
Ne3 Be7 19. Nd5 $11 {1-0 Mikhaletz,L-Timoshenko,G/Ordzhonikidze UKR 2000/The
Week in Chess 295 (52)}) 10. f4 $5 $146 {This is a new idea in this line.
White prevents typical g7-g5 of black.} (10. O-O g5 11. Nde2 (11. Re1 Nbd7 12.
Qe2 Ne5 13. b4 $6 Rc8 14. Nd1 Be7 15. c3 h5 $15 {0-1 Caruso,A-Hillarp Persson,
T/Korinthos 1998/EXT 99 (28)}) 11... Nbd7 12. f4 Qb6+ 13. Qd4 Qxd4+ 14. Nxd4
gxf4 15. Nb3 Rc8 $15 {1-0 Kveinys,A-Georgiev,K/Regensburg 1996/CBM 50 ext (37)}
) (10. Be3 Nbd7 11. Nde2 Ne5 12. O-O g5 $5 13. Qd4 Be7 14. Rad1 Rc8 15. b3 Qc7
16. f4 gxf4 17. Bxf4 Qc5 $15 {0-1 Walek,M-Sax,G/Pardubice 1996/CBM 55 ext (46)}
) 10... Nbd7 11. O-O Rc8 {Black had to prevent whites threat, which is g4-g5
and g5-g6.} (11... g6 $142 12. Be3 (12. Qe2 e5 13. Nb3 Rc8) 12... Nc5 (12... e5
13. Nb3 $14) 13. e5 Bxg2 14. Kxg2 $14) 12. g5 Rxc3 (12... hxg5 13. fxg5 Nh5 14.
g6 {[%csl Re6]}) 13. bxc3 (13. gxf6 $2 Rg3 $17 {[%cal Rb7e4]} 14. Kh2 Rxg2+ $1)
13... Nxe4 14. g6 Ndf6 15. a4 $1 $16 {White has to open position as fast as it
possible to use his development advantage.} bxa4 (15... Nxc3 16. Qe1 Nce4 17.
axb5 $16) 16. Rb1 Qc8 17. Ba3 Be7 (17... d5 $6 18. Bxf8 Rxf8 19. Rb6 $1 {
[%cal Gd1b1]} Qc7 $140 20. Qb1 Qxc3 21. Rxb7 Qxd4+ 22. Kh2 fxg6 23. c3 $1 Qc5 (
23... Qxc3 24. Qb6 $18) 24. Rxg7 Qb5 25. c4 $1 Qb3 26. cxd5 exd5 27. Qc1 Qg3+
28. Kh1 Qc3 29. Bxe4 Nxe4 30. Qxc3 $1 Nxc3 31. Re1+ Kd8 (31... Ne4 32. Rb1) 32.
Re6 $18) 18. Qd3 $2 {This natural move actually misses an advantage.} (18. Re1
$142 Bd5 19. c4 $1 Nc3 (19... Qxc4 20. Rb8+ Bd8 21. Bxe4 Nxe4 22. Rxe4 $1 Bxe4
23. Nf5 $1 Qd5 $8 24. Nxd6+ Kd7 25. Qxd5 Bxd5 26. gxf7 $16) 20. gxf7+ Kxf7 21.
cxd5 $1 Nxd1 22. dxe6+ Kg6 (22... Kf8 23. Nc6 $1 Ne8 24. Rb8 Qc7 25. Rxd1 $18)
(22... Kg8 23. Nc6 Qc7 24. Rbxd1 Kh7 25. c4 $1 $16) 23. Nc6 Re8 24. Rbxd1 Kh7
25. c4 $16 {Despite of less material, white has a pressure all over the board
and the strong passed pawn "e".}) 18... Bd5 $1 19. Rfe1 Bc4 $2 {Black has
missed his chance in defense with the last move.} (19... Nxc3 20. gxf7+ Kxf7
21. Bxd5 Nfxd5 22. Rxe6 (22. Nxe6 Bf6 $15) 22... Nxb1 (22... Bf6 23. Nf5 $1 {[]
}) 23. Qg6+ Kg8 24. Nf5 Qf8 25. Bxd6 Qf7 (25... Bxd6 26. Re8) 26. Nxe7+ Nxe7
27. Qxf7+ Kxf7 28. Rxe7+ $11) 20. Qe3 d5 $2 (20... Bd5 $142 21. c4 $1 $16) 21.
Bxe7 Kxe7 {Now white has a way to decide the game on tactics.} {[%tqu "En","",
"","","b1b8","",10]} 22. Rb8 $1 $18 {[%mdl 64]} Qxb8 23. Nc6+ Kd6 24. Nxb8 Rxb8
25. Bxe4 Nxe4 26. Qa7 Rc8 27. Qb6+ Kd7 28. Qb7+ (28. Qb7+ Rc7 29. Qxc7+ $1 Kxc7
30. gxf7 {[%cal Rf7f8]}) 1-0

[Event "Poikovsky Karpov 15th"]
[Site "Poikovsky"]
[Date "2014.05.12"]
[Round "2"]
[White "Shirov, Alexei"]
[Black "Sutovsky, Emil"]
[Result "1/2-1/2"]
[WhiteElo "2703"]
[BlackElo "2642"]
[Annotator "Sutovsky,E"]
[PlyCount "88"]
[EventDate "2014.05.11"]
[EventType "tourn"]
[EventRounds "9"]
[EventCountry "RUS"]
[EventCategory "18"]
[SourceTitle "CBM 161"]
[Source "ChessBase"]
[SourceDate "2014.07.16"]
[SourceVersion "1"]
[SourceVersionDate "2014.07.16"]
[SourceQuality "1"]

{It was the third game with Alexei in Poikovsky. Each of the two previous
encounters (in 2008 and 2009) ended in a draw, after a very sharp fight, and
there was every reason to believe that the present game would be special as
well. Actually we haven't met over the board for several years, but we did
work together at the ACP Cup, which took place in Riga in 2013. Alexei was the
co-organizer of the event, and we even commented on the final match together.
Now it was time to show that we still are active players. Well, judging from
my performance in this tournament I can't say that I was successful proving
that point, but there were a number of thrilling games played, which proves
that there was a method in the madness that I displayed in Poikovsky :)} 1. e4
c5 {Ocassionally I play 1...e5 and 1...e6 , but the Sicilian always remains my
main weapon.} 2. Nf3 d6 3. d4 cxd4 4. Nxd4 Nf6 5. Nc3 a6 {Good old Najdorf. I
remember working on it in 1993-1994, when I had just started to play this
system (prior to it, I was playing the Sveshnikov almost exclusively). My
trainer back then, Lev Psakhis, was not amused about my decision to pick up
the Najdorf - "you don't even imagine, how much theory you'll have to
remember". Well, now it sounds like a good joke. Oh, rather like a bad one. As
now, the Najdorf got so HUGE...} 6. Be3 {Shirov's pet move. He was among those
who made 6.Be3 so popular in the 90s, but even one of the godfathers of this
line can't catch up with all the recent developments, and so after the
principled} Ng4 {Alexei thought for a while, and played...} 7. Bc1 Nf6 8. h3 {
A rather fresh line. Fresh...Nowadays any fresh line is analyzed so
extensively that it loses the touch of freshness after a year or two in the
best case scenario. I have played the h3-system myself - actually it has
started back in 2008, when Gata Kamsky asked me to prepare some poisonous
sideline against the Najdorf, which I duly did. Soon the ideas in this system
were exhausted, but for the 2011 candidates matches we had prepared a new
setup, which revived the h3-system and has made it popular ever since.} e6 {
Of course another option is 8...e5, which is actually a bit more popular.} 9.
g4 h6 10. Bg2 Be7 11. Be3 Nc6 {The latest trend. I had analysed this position
back in 2011 and considered it rather comfortable for Black, but strangely
enough, it remained sort of a sideline until recently.} 12. f4 ({Another
option is} 12. Qe2 {, which was tried recently by Shirov against Khismatullin.
Black has easily solved all the opening problems after} Nxd4 13. Bxd4 e5 14.
Be3 Be6) 12... Nd7 {That's the point of Black's setup. Now White has to castle
short or allow exchanges. Alexei opts for the most principled approach.} 13.
O-O (13. Qd2 Nxd4 14. Bxd4 e5 15. fxe5 Bh4+ 16. Bf2 Nxe5 17. O-O-O Bxf2 18.
Qxf2 Be6 {allowed Black to equalise comfortably in Anand-Mamedyarov 
(candidates' tournament 2014).}) 13... Nxd4 14. Qxd4 O-O {Now things slow down
a bit. Black is happy with his Scheveningen setup, because White's pawn on g4
is out of sync with short castling and positional play. In order to justify
his strategy, Shirov comes up with an interesting idea.} 15. Ne2 $5 b5 (15...
e5 {was another option that I seriously considered.} 16. Qd2 exf4 17. Nxf4 Ne5
18. b3 Be6 {looks fine for Black as} 19. c4 {is timely met by} b5 {Finally, I
opted for the game continuation, because it seemed more ambitious to me than
simplifying matters in the centre. I just did not believe that Nc3-e2-g3-h5
can be too dangerous. Well, in the aftermath, both 15...e5 and 15...b5 are
enough for equality, but not more than that.}) 16. Ng3 Bb7 17. Nh5 e5 18. Qd2 {
This position I had reached in my calculations, prior to deciding on my 15th
move. I saw that Black has several sensible options here, but when the
position arose on the board, it turned out that matters are not that simple.}
Nf6 (18... Nc5 {suggests itself, but after} 19. f5 {I'd have to stop the white
attack with the ugly-looking} f6 {Now, the funny thing is that I knew that
computers like Black in such structures. I have parried immediate threats and
White's h4-g5 plan is not easy to be implemented. Still, I was reluctant to
seal my bishop in on e7 and I finally opted for the more classical approach in
the game.}) 19. Nxf6+ Bxf6 20. g5 {White has to go forward - otherwise he will
just be slightly worse.} hxg5 (20... exf4 21. gxf6 fxe3 22. Qxe3 Re8 {was my
initial idea, when after 23.fxg7 Qg5 Black has a comfortable ending. However,
I spotted} 23. Rf5 {and didn't quite like it. Black might still be OK, but I
decided not to check it as I had another decent option.}) 21. fxg5 Be7 {
Once again, it is time to slow down. White has nice pressure on the f-file,
but that's about all he has achieved. On the other hand, Black intends to
attack White's weak pawns and also to press on the c-file.} 22. a4 $1 {A
clever one. Alexei realises that he needs to play on the queenside - not
because he is better there, but to prevent me from becoming too strong on that
wing. Let's call it prophylaxis.} Qd7 23. axb5 axb5 24. Qd3 Bc6 {Eyeing the
b5-pawn and enabling ...Qd7-b7 in some lines. Not a bad decision, but} (24...
Ra4 $1 {was a bit stronger. Now, taking on a4 is bad on general grounds as
after 25.Rxa4 bxa4 Black would increase the pressure on the queenside. So
White has to play} 25. b3 {, but this takes away the important b3-square from
the queen. Now Black can take on a1 or retreat with the rook, preserving a
slight edge. Well, I hear you saying: it is not a huge improvement compared to
the move played in the game! You are correct: in this particular game the
difference is not that significant, but the commentary is about general ideas
that can be useful under slightly different circumstances, isn't it?}) 25. Rxa8
Rxa8 26. Qb3 $1 Qe6 27. Qxe6 fxe6 28. h4 {Now White is ready for the expansion
on the kingside, so I have to strike back!} d5 29. h5 {That came as a surprise.
} ({I had considered} 29. exd5 {to be the main move. And the engines agree
with me, promising White a slight edge. Ok, now it's my turn to agree with the
home beast, although the position after} Bxd5 30. Rd1 e4 {doesn't seem to be
dangerous for Black.}) 29... d4 {An important decision. I had to decide on the
pawn formation, and it took me around 20 minutes to come up with the move in
the text, which might indeed be the best option.} 30. Bd2 g6 $1 {That's the
point. Although it allows the seemingly dangerous 31.h6, it does prevent 31.
g6!, which in fact was a real threat!} 31. h6 b4 $1 {Just in time. Now White's
pawns are fixed and he has to protect them. In fact, if Black was doing OK on
the queenside, I could have clIMWS more than equality. But you can't have it
all, can you?} 32. Kh2 Bb5 33. Rb1 (33. Rc1 Ra2 {is dangerous for White.})
33... Rc8 34. Rc1 Kh7 $6 (34... b3 $1 {was stronger but being short of time I
didn't notice that after} 35. cxb3 Rxc1 36. Bxc1 Bb4 37. Bh3 {I can simply play
} Bd3 $1 38. Bxe6+ Kh7 {and White is helpless against Bd3-c2, followed by the
pawn march. So, he has to play 37.Kg3 with a drawish line, similar to the one
that occured in the game.}) 35. Kg3 $6 (35. b3 $1 {stops b4-b3 forever and
leaves White with the slightly better position. Well, Black would have no
reason to panic as after} Ra8 (35... d3 $2 36. Bf1) 36. Kg3 Bc6 {White can't
break through. Still, Black would need to handle it with certain care.}) 35...
b3 {Now it is White who has to find only moves in order to hold the game. It
is not too difficult though, and Alexei manages it in spite being short of
time.} 36. cxb3 Rxc1 37. Bxc1 Bb4 38. Kf3 Bd3 39. Bh3 Bc2 40. Bxe6 d3 41. Ke3
Bc5+ 42. Kd2 Bb4+ 43. Ke3 Be7 44. Kf2 Bb4 {Quite a remarkable game, in my
opinion. No fireworks, but a topical theoretical discussion followed by subtle
manoeuvring, attacks and counterattacks on the kingside, on the queenside and
in the centre... That's the sort of draw you enjoy!} 1/2-1/2

[Event "Tilburg Fontys"]
[Site "Tilburg"]
[Date "1997.09.27"]
[Round "1"]
[White "Svidler, Peter"]
[Black "Leko, Peter"]
[Result "1/2-1/2"]
[WhiteElo "2660"]
[BlackElo "2635"]
[Annotator "Svidler,P"]
[PlyCount "78"]
[EventDate "1997.09.27"]
[EventType "tourn"]
[EventRounds "11"]
[EventCountry "NED"]
[EventCategory "17"]
[SourceTitle "CBM 061"]
[Source "ChessBase"]
[SourceDate "1997.11.23"]
[SourceVersion "1"]
[SourceVersionDate "1997.11.23"]
[SourceQuality "1"]

1. e4 c5 2. Nf3 d6 3. d4 cxd4 4. Nxd4 Nf6 5. Nc3 e6 6. g4 h6 7. Bg2 a6 8. h3 g5
9. Be3 Nbd7 10. Qe2 Ne5 11. O-O-O Qc7 (11... b5 12. Nc6 $1 Nxc6 (12... Qc7 13.
Nxe5 dxe5 $16 {12...b5}) 13. e5 Nd5 (13... d5 14. exf6 $16) (13... Bb7 14. exf6
Qxf6 15. Ne4 Qe5 16. Rhf1 $1 d5 17. f4 $44) 14. Nxd5 exd5 15. Bxd5 Bb7 16. exd6
Kd7 17. Be4 $1 $16) 12. Nf3 $1 $146 Ng6 (12... b5 13. Nxe5 dxe5 14. h4 Rg8 15.
hxg5 (15. Qf3 Nh7 $16) 15... hxg5 16. Qf3 $16) (12... Bd7 13. Nxe5 dxe5 14. h4
Rg8 15. hxg5 hxg5 16. Qf3 $16) (12... Nxf3 13. Bxf3 Nd7 14. h4 Rg8 15. hxg5
hxg5 16. Qd2 $1 Ne5 17. Be2 f6 18. f4 gxf4 19. Bxf4 $16) 13. h4 $1 Nxg4 14.
hxg5 Bd7 (14... Nxe3 15. Qxe3 hxg5 (15... Qc5 16. Qd2 hxg5 17. Rxh8 Nxh8 18. e5
d5 19. Ne4 $1 $16) 16. Rxh8 Nxh8 17. Qxg5 $16) 15. Bd2 $1 (15. gxh6 Bxh6 16.
Bxh6 Rxh6 17. Rxh6 Nxh6 18. Qd2 Ng4 $13) 15... O-O-O (15... hxg5 16. Rxh8 Nxh8
17. Nxg5 $16) 16. Nd4 Bg7 $5 (16... N4e5 17. gxh6 $16) (16... h5 17. f3 N4e5
18. Kb1 Nc4 19. Bc1 $16) 17. Qxg4 Bxd4 18. gxh6 Ne5 19. Qe2 Nc4 20. Rh3 $1 Nxd2
(20... Qc5 21. Bf1 $1 (21. Kb1 Bb5 $1 $44 (21... Qb4 22. Bc1)) 21... Bb5 22.
Qh5 $1 Nxd2 (22... Qb4 23. Bxc4 Bxc4 24. b3 $16) 23. Nxb5 axb5 (23... Bxb2+ 24.
Kxb2 Qb4+ 25. Kc1 Nxf1 26. Rb3 $18) 24. Rxd2 $16) 21. Qxd2 Be5 22. f4 Bf6 (
22... Bxc3 23. Rxc3 Bc6 24. f5 $16) 23. Qxd6 Qxd6 24. Rxd6 Rdg8 25. Bf3 $6 (25.
e5 Rxg2 26. exf6 Rh7 (26... Rg6 27. h7 Rxf6 28. Rhd3 $1 Be8 $8 29. Rd8+ Kc7 30.
Ra8 $18) 27. Ne4 Rg6 28. Rhd3 (28. Ng5 Rhxh6 29. Rxh6 Rxh6 30. Nxf7 Rxf6 31.
Ne5 $16) 28... Bc6 29. Ng5 Rhxh6 30. Nxe6 $1 Kb8 $8 31. Nd4 Rxf6 32. Nxc6+ bxc6
33. Rxf6 Rxf6 34. Rd4 $18) 25... e5 26. f5 (26. Rh1 Be7 27. Rdd1 exf4 28. Nd5
Bd8 29. e5 Rg3 $14) 26... Rg1+ 27. Rd1 (27. Kd2 Be7 28. Rd3 Bg5+ 29. Ke2 Rc1
$13) 27... Bg5+ 28. Kb1 Rxd1+ 29. Bxd1 Rxh6 30. Rxh6 Bxh6 $14 31. Bh5 f6 32.
Bf7 Kd8 $1 33. Bd5 Kc7 34. Ne2 b6 35. c3 $6 $138 (35. c4 $14) 35... Kd6 36. Kc2
$4 $138 (36. Bb7 Bb5) (36. Bc4 Bc6 37. Bd3 b5 $14) 36... Bxf5 $11 37. Bb7 Bg6
38. Ng3 Bf4 39. Nf5+ Bxf5 1/2-1/2

[Event "DDR-ch 39th"]
[Site "Bad Blankenburg"]
[Date "1990.02.15"]
[Round "9"]
[White "Luther, Thomas"]
[Black "Schoeneberg, Manfred"]
[Result "1-0"]
[WhiteElo "2405"]
[BlackElo "2315"]
[Annotator "Syre,C"]
[PlyCount "73"]
[EventDate "1990.02.07"]
[EventType "tourn"]
[EventRounds "11"]
[EventCountry "DDR"]
[EventCategory "3"]
[SourceTitle "EXT 2003"]
[Source "ChessBase"]
[SourceDate "2002.11.25"]
[SourceVersion "1"]
[SourceVersionDate "2002.11.25"]
[SourceQuality "1"]

1. e4 c5 2. Nf3 e6 3. d4 cxd4 4. Nxd4 Nf6 5. Nc3 d6 6. g4 h6 7. h4 Nc6 8. Rg1
h5 9. gxh5 Nxh5 10. Bg5 Nf6 11. Be2 Bd7 12. h5 a6 13. Qd2 b5 14. a3 Be7 15. Be3
Nxh5 16. O-O-O g6 17. f4 Nf6 18. Rh1 Rg8 19. Bf3 Rc8 20. Kb1 Qc7 21. Qh2 $1 {
Nach Thomas Luther ist die Stellung nach 20 Zügen bereits theoretisch bekannt.
Sein 21. Zug ist eine Neuschöpfung in Hausanalyse. [#]} e5 22. Nxc6 Bxc6 23.
fxe5 dxe5 24. Nd5 Nxd5 25. exd5 Bd7 26. Be4 $1 Bf5 $2 {Übersieht die Antwort
und stellt praktisch einen Bauern ein.} 27. Qh7 $1 Rf8 (27... Bxe4 28. Qxg8+
Kd7 29. Qxf7 Bxh1 30. Qe6+ Kd8 31. Rxh1 {mit Mattdrohung}) 28. Bxf5 gxf5 29.
Qxf5 Bd6 30. Rdg1 $6 ({Hier konnte Weiss mit} 30. Rh6 $1 {entscheidend auf der
6. Reihe eindringen, z.B.} Qd7 31. Qf6 Rd8 32. Bb6) 30... Qd7 31. Qh7 Bc5 32.
Bh6 $1 Bxg1 33. Bxf8 Bd4 (33... Kxf8 34. Qh8+ Ke7 35. Qxe5+ Kd8 36. Rh8+ {
nebst #}) 34. c3 f6 $2 {Dieser Zeitnotfehler verliert sofort. Aufgrund der
offenen Königsstellung hat Schwarz jedoch kaum Chancen, seine Position
erfolgreich zu verteidigen,} ({z.B.} 34... Kxf8 35. cxd4 Qxd5 36. Re1 Qg2 37.
Qh8+ Qg8 38. Qxe5) 35. cxd4 Qxh7+ 36. Rxh7 Rd8 37. d6 1-0

[Event "Qatar Masters op"]
[Site "Doha"]
[Date "2014.11.29"]
[Round "4"]
[White "Perunovic, Milos"]
[Black "Yu, Yangyi"]
[Result "1/2-1/2"]
[WhiteElo "2619"]
[BlackElo "2705"]
[Annotator "Szabo,Kr"]
[PlyCount "88"]
[EventDate "2014.11.26"]
[EventType "swiss"]
[EventRounds "9"]
[EventCountry "QAT"]
[SourceTitle "EXT 2016"]
[Source "ChessBase"]
[SourceDate "2015.10.08"]
[SourceVersion "1"]
[SourceVersionDate "2015.10.08"]
[SourceQuality "1"]
[WhiteClock "1:30:30"]
[BlackClock "1:30:30"]

1. e4 c5 2. Nf3 d6 3. d4 cxd4 4. Nxd4 Nf6 5. Nc3 a6 6. h3 e6 7. g4 d5 8. exd5
Nxd5 9. Nde2 Bb4 10. Bg2 O-O 11. O-O Nxc3 12. Nxc3 Qc7 13. Qd4 Nc6 (13... Bd6 {
is another main line.}) 14. Qc4 ({In case of} 14. Bxc6 $5 Bxc3 15. Qxc3 bxc6
16. Be3 e5 17. Rae1 f6 18. f4 Be6 19. Bc5 Rf7 20. fxe5 fxe5 21. Rxf7 Bxf7 22.
Rxe5 Rd8 $44 {White has a P up, but his K is weak, so Black has enough
compensation, Kryvoruchko-Korobov, Kiev 2013.}) 14... Bd6 15. Be3 Bd7 16. Rad1
Rfd8 17. Ne4 Be7 18. Bc5 $146 {Novelty by Perunovic.} (18. Qb3 b5 19. Bc5 Be8
20. Qe3 Rxd1 21. Rxd1 Rd8 22. Rxd8 Qxd8 23. c3 $14 {and White had a slightly
better endgame, Satici-Spasov, ICCF 2009.}) 18... Ne5 19. Qc3 Bxc5 20. Qxc5 Bc6
21. Nd6 Rd7 $5 {An interesting move, Black sacrifices his N, but he will gain
back on the d-file.} ({The natural} 21... f6 {was also possible with a
balanced middlegame.}) 22. Qxe5 Bxg2 23. Kxg2 Rad8 24. Rd3 Rxd6 25. Rfd1 Qc6+
26. Kg1 Rxd3 27. Rxd3 $11 {The position simplifies very quickly and the
endgame is completely drawish.} Rf8 {An ambitious move. Black doesn't want to
exchange the Rs and he hopes, he can play for ...f5. On the other hand this is
risky too, because he gives the d-file for White.} (27... Qb6 28. Qe3 Qa5 $11)
28. Rc3 Qa4 (28... Qb6 $5 {was the alternative move.}) 29. a3 h6 30. Qd6 (30.
Rc7 $142 {was more accurate, but} b5 31. Kg2 Rd8 $11 {is also a drawish
endgame.}) 30... Qe4 $1 {Black immediately activates his Q from the centre.}
31. Rc7 f5 32. Qd7 Qe5 ({Black could already give perpetual checks with} 32...
Qe1+ 33. Kg2 Qe4+ $11 {, but still he tries to play more.}) 33. Rc8 Qe1+ 34.
Kg2 Qe4+ 35. f3 Qe2+ 36. Kg1 Rxc8 37. Qxc8+ Kh7 38. gxf5 Qe3+ 39. Kg2 Qg5+ 40.
Kf2 exf5 41. Qxb7 Qd2+ 42. Kg3 Qg5+ 43. Kf2 Qd2+ 44. Kg3 Qg5+ {and finally
Black gives the perpetual checks.} 1/2-1/2